| 000 | 00734nam a2200253 a 4500 | ||
|---|---|---|---|
| 001 | 51163 | ||
| 003 | BD-RjUL | ||
| 005 | 20211209075622.0 | ||
| 008 | 160830s1966 enka b 001 0 eng | ||
| 035 | _a(BD-RjUL) 51283 | ||
| 040 |
_aLC _beng _cLC _dBD-RjUL |
||
| 041 | _aeng | ||
| 082 | 0 | 4 |
_a338.064 _223 _bSCI 1966 |
| 100 | 1 |
_aSchmookler, Jacob. _9153055 |
|
| 245 | 1 | 0 | _aInvention and economic growth / |
| 260 |
_aCambridge : _bHarvard University Press, _c1966. |
||
| 300 |
_axv, 332 p. : _bill. ; _c25 cm. |
||
| 504 | _aBibliography:( p. 309-328) and index | ||
| 650 | 0 |
_aInventions. _9153056 |
|
| 650 | 0 |
_aTechnology _xPhilosophy. _9153057 |
|
| 650 | 0 |
_aEconomic development. _9153058 |
|
| 942 |
_2ddc _cBK |
||
| 999 |
_c51163 _d51163 |
||